Právna úprava správy daní a poplatkov

Analýza právnej úpravy procesu správy daní a poplatkov.

Guardado en:
Detalles Bibliográficos
Autor principal: Hrtánek, Ladislav
Formato: Capítulo de libro
Lenguaje:eslovaco
Materias:
Etiquetas: Agregar Etiqueta
Sin Etiquetas, Sea el primero en etiquetar este registro!

MARC

LEADER 00000naa a2200000 4500
001 0193985
005 20231120130238.9
041 0 |a slo 
044 |a SK 
245 1 0 |a Právna úprava správy daní a poplatkov  |c Ladislav Hrtánek 
520 |a Analýza právnej úpravy procesu správy daní a poplatkov. 
610 2 0 |a správa daňová 
610 2 0 |a Slovensko 
610 2 0 |a úpravy právne 
610 2 0 |a poplatky 
100 1 |a Hrtánek, Ladislav